书目信息 |
| 题名: |
反垂直思维
|
|
| 作者: | 卡斯卡特 著 ;方子聪 译 | |
| 分册: | ||
| 出版信息: | 北京 民主与建设出版社有限责任公司 2017 |
|
| 页数: | 304页 | |
| 开本: | 24cm | |
| 丛书名: | ||
| 单 册: | ||
| 中图分类: | B804-49 | |
| 科图分类: | ||
| 主题词: | 思维形式--通俗读物 | |
| 电子资源: | ||
| ISBN: | 978-7-5139-1588-5 | |
| 000 | 01027nam0 2200253 450 | |
| 001 | 5747 | |
| 005 | 20180529221145.10 | |
| 010 | @a978-7-5139-1588-5@dCNY46.00 | |
| 100 | @a20171018d2017 em y0chiy50 ea | |
| 101 | 1 | @achi@ceng |
| 102 | @aCN@b110000 | |
| 105 | @aa z 000yy | |
| 200 | 1 | @a反垂直思维@9fan chui zhi si wei@e如何愉快地搞定不想做而必须做的事@f(美)吉姆·卡斯卡特著@g方子聪译 |
| 210 | @a北京@c民主与建设出版社有限责任公司@d2017 | |
| 215 | @a304页@c图@d24cm | |
| 305 | @a由锐拓传媒取得版权 | |
| 330 | @a本书会告诉读者如何在工作和生活中取得成功,共三部分内容,分别为:向大脑提出要求——你想要什么;反垂直思维技巧——68个自我激励的方式;反垂直思维训练——268堂一分钟自我激励课。 | |
| 517 | 1 | @a如何愉快地搞定不想做而必须做的事@9ru he yu kuai di gao ding bu xiang zuo er bi xu zuo de shi |
| 606 | 0 | @a思维形式@j通俗读物 |
| 690 | @aB804-49@v5 | |
| 701 | 1 | @c(美)@a卡斯卡特@9ka si ka te@g(Cathcart, Jim)@4著 |
| 702 | 0 | @a方子聪@9fang zi cong@4译 |
| 801 | 0 | @aCN@b91MARC@c20171018 |
| 905 | @aMuseLib@dB804-49@e109 | |
| 反垂直思维:如何愉快地搞定不想做而必须做的事/(美)吉姆·卡斯卡特著/方子聪译.-北京:民主与建设出版社有限责任公司,2017 |
| 304页:图;24cm |
| ISBN 978-7-5139-1588-5:CNY46.00 |
| 本书会告诉读者如何在工作和生活中取得成功,共三部分内容,分别为:向大脑提出要求——你想要什么;反垂直思维技巧——68个自我激励的方式;反垂直思维训练——268堂一分钟自我激励课。 |
| ● |
| 相关链接 |
|
|
|
|
正题名:反垂直思维
索取号:B804-49/109
 
预约/预借
| 序号 | 登录号 | 条形码 | 馆藏地/架位号 | 状态 | 备注 |
| 1 | 1114720 | 211147203 | 第一样本阅览室/ [索取号:B804-49/109] | 在馆 | |
| 2 | 1114721 | 211147212 | 教育系资料室/ [索取号:B804-49/109] | 在馆 | |
| 3 | 1114722 | 211147221 | 教育系资料室/ [索取号:B804-49/109] | 在馆 | |
| 4 | 1114723 | 211147230 | 教育系资料室/ [索取号:B804-49/109] | 在馆 | |
| 5 | 1114724 | 211147249 | 第一借阅区/ [索取号:B804-49/109] | 在馆 | |
| 6 | 1114725 | 211147258 | 第一借阅区/ [索取号:B804-49/109] | 在馆 |